| 000 | 00498cam a2200193ua 4500 | ||
|---|---|---|---|
| 001 | 1874 | ||
| 008 | 141203n ii |||gr||||Z||||||asm | ||
| 040 | _cMAIN | ||
| 041 | _aasm | ||
| 082 | _a370.15 | ||
| 100 |
_aBaruah, Jatin, _eAuthor. |
||
| 245 |
_aShikshar monobigyan bhittik adhyayan _cby Jatin Baruah |
||
| 250 | _a2nd. | ||
| 260 |
_aGuahati: _bArun Prakashan, _c2008. |
||
| 300 |
_axiii; 658p: _c23cm. |
||
| 653 | _aEducation | ||
| 653 | _aShikshar monobigyan bhittik adhyayan | ||
| 942 | _cBK | ||
| 999 |
_c1753 _d1753 |
||